Louis Tomlinson songs by synonyms #3 - Statistics

General Stats
  • This quiz has been taken 59 times
  • The average score is 9 of 12
Answer Stats
Synonyms Song % Correct
Consistently You Always You
98%
Return To You Back To You
98%
Less Small Than Me Bigger Than Me
98%
Just The Courageous Only The Brave
94%
You And I Did This We Made It
84%
Without Panic Fearless
75%
Pattern Habit
73%
Alternate Change
63%
Favoured Once More Lucky Again
63%
Not Giving Up On Sadness Holding On To Heartache
61%
Only Hang Around Just Hold On
59%
Heaven Paradise
45%
No matching quizzes found
Score Distribution
Percent of People with Each Score
Percentile by Number Answered
Your Score History
You have not taken this quiz